000 00411cam a2200169 4500
001 D13134
008 090401t1952 xxu||||| |||| 00| 0 eng d
035 _a(Sirsi) u7891
041 _aeng
100 _aKeeble, Lewis
245 _aPrinciples and practice of town and country planning
260 _aLondon
_bEstates Gazette
_c1952
350 _a0
520 _aShelf 183
942 _n0
948 _c04/03/1997
999 _c86455
_d86455